Answers are a Question ❓ - Statistics

General Stats
  • This quiz has been taken 10 times
  • The average score is 13 of 25
Answer Stats
Hint Question % Correct
Hamlet soliloquy opener To be, or not to be?
89%
Bugs Bunny’s signature greeting What's up, Doc?
89%
Maximus shouts this in Gladiator Are you not entertained?
78%
Caesar's final question, according to Shakespeare Et tu, Brute?
78%
Dairy advertising slogan since 1993 Got milk?
78%
What WWJD stands for What would Jesus do?
78%
Ghostbusters theme lyric Who ya gonna call?
78%
Verizon test man’s famous catchphrase Can you hear me now?
67%
Stanley’s famous greeting in Africa Dr. Livingstone, I presume?
67%
Judy Blume title question asked to God Are you there?
56%
Steve Urkel's catchphrase on Family Matters Did I do that?
56%
1980s Wendy's slogan Where's the beef?
56%
Cain’s reply to God about Abel Am I my brother's keeper?
44%
The Clash asked this in 1982 Should I stay or should I go?
44%
Brad Pitt’s anguished Se7en line What's in the box?
44%
Tina Turner asked this in 1984 What's love got to do with it?
44%
Edward Albee play with 1966 Elizabeth Taylor film Who's Afraid of Virginia Woolf?
44%
Elton John asked this in The Lion King Can you feel the love tonight?
33%
1968 Philip K. Dick novel that inspired Blade Runner Do Androids Dream of Electric Sheep?
33%
Gary Coleman's catchphrase on Diff'rent Strokes Whatchoo talkin’ ’bout, Willis?
33%
Haddaway's 1993 question What is love?
33%
Pixies song used at the end of Fight Club Where is My Mind?
33%
What the Who asks on CSI Who are you?
33%
Creedence Clearwater Revival asked this in 1970 Have you ever seen the rain?
22%
First U.S. telegraph message, from Numbers What hath God wrought?
22%
No matching quizzes found
Score Distribution
Percent of People with Each Score
Percentile by Number Answered
Your Score History
You have not taken this quiz